书目信息 |
| 题名: |
从装帧到BOOK DESIGN
|
|
| 作者: | 吕敬人 著 | |
| 分册: | ||
| 出版信息: | 石家庄 河北美术出版社 2002 |
|
| 页数: | 57页 | |
| 开本: | 23cm | |
| 丛书名: | 设计时代 | |
| 单 册: | ||
| 中图分类: | TS881 | |
| 科图分类: | ||
| 主题词: | 书籍装帧--shu ji zhuang zheng--评论--中国 | |
| 电子资源: | ||
| ISBN: | 7-5310-1907-8 | |
| 000 | 00916nam 2200253 450 | |
| 001 | CAL 012003140829 | |
| 005 | 20070718172025.09 | |
| 010 | @a7-5310-1907-8@dCNY19.80 | |
| 100 | @a20020917d2002 ekmy0chiy0121 ea | |
| 101 | 0 | @achi |
| 102 | @aCN@b130000 | |
| 105 | @aa z 000yd | |
| 200 | 1 | @a从装帧到BOOK DESIGN@Acong zhuang zheng dao BOOK DESIGN@f吕敬人著 |
| 210 | @a石家庄@c河北美术出版社@d2002 | |
| 215 | @a57页@c图@d23cm | |
| 225 | 2 | @a设计时代@e国内著名艺术设计工作室创意报告@Ashe ji shi dai@i视觉传达设计类 |
| 330 | @a本书是作者对自己的《周作人俞平伯往来书札影真》、《子夜:手迹本》、《家》、《21世纪书法经典汇编集》、《西域考古图记》等书籍装帧作品的评论。 | |
| 410 | 0 | @12001 @a视觉传达设计类 |
| 410 | 0 | @12001 @a设计时代 |
| 606 | 0 | @a书籍装帧@Ashu ji zhuang zheng@x评论@y中国 |
| 690 | @aTS881@v4 | |
| 701 | 0 | @a吕敬人@Alv jing ren@4著 |
| 801 | 0 | @aCN@bPFT@c20070718 |
| 905 | @a10447@dTS881@e45 | |
| 从装帧到BOOK DESIGN/吕敬人著.-石家庄:河北美术出版社,2002 |
| 57页:图;23cm.-(设计时代:国内著名艺术设计工作室创意报告.视觉传达设计类) |
| ISBN 7-5310-1907-8:CNY19.80 |
| 本书是作者对自己的《周作人俞平伯往来书札影真》、《子夜:手迹本》、《家》、《21世纪书法经典汇编集》、《西域考古图记》等书籍装帧作品的评论。 |
| ● |
| 相关链接 |
|
|
|
|
正题名:从装帧到BOOK DESIGN
索取号:TS881/45
 
预约/预借
| 序号 | 登录号 | 条形码 | 馆藏地/架位号 | 状态 | 备注 |
| 1 | 0780634 | 207806347 | 第二样本阅览室/ [索取号:TS881/45] | 在馆 | |
| 2 | 0780635 | 207806356 | 第三借阅区/ [索取号:TS881/45] | 在馆 | |
| 3 | 0780636 | 207806365 | 第三借阅区/ [索取号:TS881/45] | 在馆 | |
| 4 | 0780637 | 207806374 | 第三借阅区/ [索取号:TS881/45] | 在馆 | |
| 5 | 0780638 | 207806383 | 第三借阅区/ [索取号:TS881/45] | 在馆 | |
| 6 | 0780639 | 207806392 | 第三借阅区/ [索取号:TS881/45] | 在馆 |